[Event "Ankara Baskent Univ op-B 3rd"]
[Site "Ankara"]
[Date "2018.08.31"]
[Round "8"]
[White "Acikgoz, Akin"]
[Black "Sinay, Ahmet"]
[Result "1-0"]
[WhiteElo "1688"]
[BlackElo "1512"]
[PlyCount "59"]
[EventDate "2018.08.27"]
[EventType "swiss"]
[EventRounds "9"]
[EventCountry "TUR"]
[SourceTitle "EXT 2021"]
[Source "ChessBase"]
[SourceDate "2020.10.23"]
[SourceVersion "1"]
[SourceVersionDate "2020.10.23"]
[SourceQuality "1"]

1. d4 Nf6 2. c4 g6 3. Nc3 Bg7 4. e4 d6 5. Be2 0-0 6. Nf3 e5 7. dxe5 dxe5 8. Qxd8 Rxd8 9. Bg5 Re8 10. Nd5 Nxd5 11. cxd5 f5 12. Nd2 h6 13. Be3 b6 14. f3 Bb7 15. Rc1 Na6 16. 0-0 Rad8 17. Rfd1 Re7 18. Nb1 Nb8 19. Nc3 Red7 20. Bc4 Kf8 21. Nb5 a6 22. Nxc7 Rxc7 23. Bxb6 Rdc8 24. Bxc7 Rxc7 25. d6 Rd7 26. Be6 Rd8 27. Rc7 Bc6 28. Rf7+ Ke8 29. Rxg7 Nd7 30. Rc1 1-0

[Event "TUR-ch U20"]
[Site "Canakkale"]
[Date "2016.06.30"]
[Round "5"]
[White "Acikgoz, Akin"]
[Black "Guven, Oguz Kagan"]
[Result "1-0"]
[WhiteElo "1673"]
[BlackElo "1889"]
[PlyCount "81"]
[EventDate "2016.06.27"]
[EventType "swiss"]
[EventRounds "9"]
[EventCountry "TUR"]
[SourceTitle "CBM 173 Extra"]
[Source "ChessBase"]
[SourceDate "2016.08.29"]
[SourceVersion "1"]
[SourceVersionDate "2016.08.29"]
[SourceQuality "1"]

1. d4 Nf6 2. c4 g6 3. Nc3 d5 4. Bg5 Ne4 5. Bf4 Nxc3 6. bxc3 dxc4 7. e3 Bg7 8. Bxc4 0-0 9. Nf3 c5 10. 0-0 Qa5 11. Qb3 cxd4 12. cxd4 Nc6 13. Rac1 Qf5 14. Bd3 Be6 15. Qb1 Qa5 16. Qxb7 Nb4 17. Be4 Nxa2 18. Rc5 Qa3 19. Qxe7 Rae8 20. Qh4 f6 21. Bd6 Rf7 22. Rc8 Qxd6 23. Rxe8+ Bf8 24. Qg3 Qd7 25. Qb8 Nc3 26. d5 Bg4 27. Nd4 Ne2+ 28. Nxe2 Bxe2 29. Rc1 f5 30. Bf3 Ba6 31. d6 Kg7 32. Rc7 Qxd6 33. Rxf7+ Kxf7 34. Bd5+ Qxd5 35. Rxf8+ Kg7 36. Rd8 Qc6 37. Rg8+ Kh6 38. Qf4+ Kh5 39. h4 Qf6 40. g4+ fxg4 41. Qxf6 1-0